000
00333 a2200157 4500
001
177292
020
_a
040
_c
Magnum
100
_a
Machado, Ana Maria
240
1
0
_a
Um dia desses...
_l
por
245
1
0
_a
Um dia desses...
362
0
_a
1899
440
1
_a
Ática
697
_a
MAGNITO: IJ/AVENTURA, CRIANCAS
942
_c
BK
999
_c
177292
_d
177292